[Event "CUB-ch 60th"]
[Site "Holguin"]
[Date "2024.02.10"]
[Round "6"]
[White "Perez Rodriguez, Cesar Alejandro"]
[Black "Ochoa de la Rosa, Manuel Dario"]
[Result "1-0"]
[WhiteElo "2331"]
[BlackElo "2401"]
[PlyCount "65"]
[EventDate "2024.02.05"]
[EventType "swiss"]
[EventRounds "10"]
[EventCountry "CUB"]
[SourceTitle "CB10_2024"]
[SourceDate "2024.03.06"]
[SourceVersion "1"]
[SourceVersionDate "2024.03.06"]
[SourceQuality "1"]

1. e4 d6 2. d4 Nf6 3. Nc3 c6 4. f4 Qa5 5. Bd3 e5 6. Nf3 exd4 7. Nxd4 Qb6 8. Nb3 g6 9. Qf3 Bg7 10. Be3 Qc7 11. 0-0 0-0 12. h3 Nbd7 13. Rad1 b5 14. e5 dxe5 15. f5 c5 16. Nxb5 Qb8 17. Nd6 Qxd6 18. Qxa8 Qc7 19. Be4 c4 20. Nc1 c3 21. Qc6 Qxc6 22. Bxc6 Nb8 23. Ba4 cxb2 24. Nd3 Ba6 25. fxg6 hxg6 26. Rfe1 Nd5 27. Bd2 Nb6 28. Bb3 Nc4 29. Bc3 e4 30. Bxg7 exd3 31. Bxf8 dxc2 32. Bxc2 Kxf8 33. Rd8+ 1-0

[Event "CUB-ch 60th"]
[Site "Holguin"]
[Date "2024.02.09"]
[Round "5"]
[White "Ochoa de la Rosa, Manuel Dario"]
[Black "Miranda Mesa, Elier"]
[Result "0-1"]
[WhiteElo "2401"]
[BlackElo "2485"]
[PlyCount "56"]
[EventDate "2024.02.05"]
[EventType "swiss"]
[EventRounds "10"]
[EventCountry "CUB"]
[SourceTitle "CB10_2024"]
[SourceDate "2024.03.06"]
[SourceVersion "1"]
[SourceVersionDate "2024.03.06"]
[SourceQuality "1"]

1. d4 d5 2. c4 c6 3. Nf3 Nf6 4. Qb3 dxc4 5. Qxc4 Bf5 6. g3 e6 7. Bg2 Be7 8. 0-0 Nbd7 9. e3 0-0 10. Qe2 Ne4 11. Nc3 Qa5 12. Ne1 Nxc3 13. bxc3 Qxc3 14. Bb2 Qa5 15. e4 Bg6 16. f4 Rfe8 17. g4 f6 18. Nd3 Bf8 19. f5 Bf7 20. Nf4 e5 21. Ne6 exd4 22. g5 c5 23. Rf4 Qb6 24. Rh4 fxg5 25. Nxg5 Be7 26. Nxf7 Bxh4 27. e5 Kxf7 28. e6+ Kg8 0-1

[Event "Santiago Oriental zt"]
[Site "Santiago"]
[Date "2024.01.25"]
[Round "7"]
[White "Roll Renford, Evelio Amaurys"]
[Black "Ochoa de la Rosa, Manuel Dario"]
[Result "0-1"]
[WhiteElo "2247"]
[BlackElo "2399"]
[PlyCount "110"]
[EventDate "2024.01.21"]
[EventType "tourn"]
[EventRounds "9"]
[EventCountry "CUB"]
[SourceTitle "CB06_2024"]
[SourceDate "2024.02.07"]
[SourceVersion "1"]
[SourceVersionDate "2024.02.07"]
[SourceQuality "1"]

1. e4 d6 2. d4 Nf6 3. Nc3 c6 4. Nf3 Bg4 5. Be2 e6 6. Bg5 Be7 7. Qd2 d5 8. e5 Nfd7 9. Bxe7 Qxe7 10. Qf4 Bxf3 11. Bxf3 0-0 12. 0-0 c5 13. Nb5 Nc6 14. c4 cxd4 15. cxd5 exd5 16. Nxd4 Qxe5 17. Qxe5 Ndxe5 18. Rfd1 Rfd8 19. Rac1 Rac8 20. Kf1 Nxd4 21. Rxc8 Rxc8 22. Rxd4 Nxf3 23. gxf3 Rd8 24. Ke2 f6 25. Kd3 Kf7 26. Ra4 a6 27. Kd4 Ke6 28. Rb4 Rd7 29. Rb6+ Kf5 30. a4 Kf4 31. Rb3 Kg5 32. Re3 Kh4 33. f4 Kg4 34. b4 Kxf4 35. a5 f5 36. Kc5 d4 37. Rd3 g5 38. Rxd4+ Rxd4 39. Kxd4 Kf3 40. Kc5 Kxf2 41. Kb6 f4 42. Kxb7 f3 43. b5 axb5 44. a6 Kg1 45. a7 f2 46. a8Q f1Q 47. Qg8 h6 48. Kb6 Kxh2 49. Ka5 Qe1+ 50. Kxb5 Qe5+ 51. Kc4 h5 52. Kd3 Qg3+ 53. Ke4 h4 54. Qd8 h3 55. Kf5 Qf3+ 0-1

[Event "Santiago Oriental zt"]
[Site "Santiago"]
[Date "2024.01.24"]
[Round "6"]
[White "Ochoa de la Rosa, Manuel Dario"]
[Black "Torres Valiente, Brayan"]
[Result "1/2-1/2"]
[WhiteElo "2399"]
[BlackElo "2256"]
[PlyCount "35"]
[EventDate "2024.01.21"]
[EventType "tourn"]
[EventRounds "9"]
[EventCountry "CUB"]
[SourceTitle "CB06_2024"]
[SourceDate "2024.02.07"]
[SourceVersion "1"]
[SourceVersionDate "2024.02.07"]
[SourceQuality "1"]

1. c4 e6 2. Nf3 d5 3. d4 c6 4. Qc2 Nf6 5. Nbd2 Nbd7 6. g3 Bd6 7. Bg2 0-0 8. 0-0 b6 9. e4 dxe4 10. Nxe4 Nxe4 11. Qxe4 Bb7 12. Rd1 Qc7 13. Qc2 h6 14. Be3 c5 15. d5 Rae8 16. Nd2 Nf6 17. Qb3 Qb8 18. a4 1/2-1/2

[Event "Guillermo Garcia Memorial op"]
[Site "Santa Clara"]
[Date "2022.05.04"]
[Round "5"]
[White "Ochoa de la Rosa, Manuel Dario"]
[Black "Gil Alba, Hector Luis"]
[Result "1-0"]
[WhiteElo "2409"]
[BlackElo "2248"]
[PlyCount "87"]
[EventDate "2022.04.30"]
[EventType "swiss"]
[EventRounds "9"]
[EventCountry "CUB"]
[SourceTitle "CBM 208 Extra"]
[Source "ChessBase"]
[SourceDate "2022.07.31"]
[SourceVersion "1"]
[SourceVersionDate "2022.07.31"]
[SourceQuality "1"]

1. e4 c5 2. Nf3 Nc6 3. Bb5 e6 4. Bxc6 bxc6 5. 0-0 d5 6. e5 Ne7 7. b3 Ng6 8. Nc3 Be7 9. Bb2 0-0 10. d3 c4 11. dxc4 dxc4 12. Qc1 cxb3 13. Rd1 Qc7 14. axb3 Bb7 15. Qe3 c5 16. Nb5 Qb6 17. Nd6 Bc6 18. Nd2 Nh4 19. N2e4 Bxe4 20. Qxe4 Rad8 21. Nc4 Rxd1+ 22. Rxd1 Rd8 23. Ra1 Qc7 24. g3 Nf5 25. Kg2 h5 26. h4 g6 27. Bc3 Rd5 28. Ra5 Qd7 29. Nb2 Bd8 30. Ra1 Bb6 31. Nd3 Qd8 32. Ra4 Qd7 33. Qf3 Qd8 34. Nf4 Rd7 35. Nh3 Rd1 36. Ng5 Rc1 37. Qe2 c4 38. Rxc4 Bxf2 39. Bd2 Rg1+ 40. Kxf2 Qb6+ 41. Be3 Nxe3 42. Rc8+ Kg7 43. Kxg1 Ng4+ 44. Kg2 1-0

[Event "Carlos Torre Memorial op 31st"]
[Site "Merida"]
[Date "2019.12.17"]
[Round "8"]
[White "Ramirez Alvarez, Alejandro"]
[Black "Ochoa de la Rosa, Manuel Dario"]
[Result "1/2-1/2"]
[WhiteElo "2589"]
[BlackElo "2403"]
[PlyCount "71"]
[EventDate "2019.12.13"]
[EventType "swiss"]
[EventRounds "9"]
[EventCountry "MEX"]
[SourceTitle "CBM 193 Extra"]
[Source "ChessBase"]
[SourceDate "2020.01.31"]
[SourceVersion "1"]
[SourceVersionDate "2020.01.31"]
[SourceQuality "1"]

1. d4 d5 2. c4 e6 3. Nc3 Nf6 4. cxd5 exd5 5. Bg5 Be7 6. e3 c6 7. Bd3 0-0 8. Nf3 Nbd7 9. Qc2 Re8 10. h3 Nf8 11. 0-0 Ng6 12. Ne5 Nd7 13. Bxe7 Qxe7 14. f4 Ngf8 15. Rae1 f6 16. Nf3 Nb6 17. f5 Bd7 18. Nd2 Qd6 19. Nb3 Rad8 20. Nc5 Bc8 21. b4 Nbd7 22. Nxd7 Bxd7 23. b5 cxb5 24. Nxb5 Bxb5 25. Bxb5 Re7 26. Qb3 Kh8 27. Rc1 h6 28. Rc3 Nh7 29. Rfc1 a6 30. Be2 Ng5 31. Rc8 Ree8 32. Rxd8 Rxd8 33. Qxb7 Qg3 34. Qc7 Nxh3+ 35. Kh1 Nf2+ 36. Kg1 1/2-1/2

[Event "Guillermo Garcia Memorial-B 28th"]
[Site "Santa Clara"]
[Date "2019.04.28"]
[Round "6"]
[White "Ochoa de la Rosa, Manuel Dario"]
[Black "Valdes Romero, Leonardo"]
[Result "0-1"]
[WhiteElo "2417"]
[BlackElo "2404"]
[PlyCount "54"]
[EventDate "2019.04.23"]
[EventType "tourn"]
[EventRounds "9"]
[EventCountry "CUB"]
[EventCategory "6"]
[SourceTitle "CBM 190 Extra"]
[Source "ChessBase"]
[SourceDate "2019.07.15"]
[SourceVersion "1"]
[SourceVersionDate "2019.07.15"]
[SourceQuality "1"]

1. c4 Nf6 2. Nc3 g6 3. g3 Bg7 4. Bg2 0-0 5. d4 d6 6. Nf3 Nc6 7. 0-0 a6 8. Re1 Rb8 9. Rb1 Na5 10. Qa4 b6 11. c5 Qe8 12. Qxe8 Rxe8 13. e4 bxc5 14. dxc5 Nc6 15. Bd2 Be6 16. Bf1 Bg4 17. Kg2 Nd7 18. cxd6 cxd6 19. Ng5 Nc5 20. h3 Bd7 21. f4 Nb4 22. Bc4 e6 23. Re2 d5 24. exd5 exd5 25. Rxe8+ Rxe8 26. a3 dxc4 27. axb4 Bc6+ 0-1

[Event "Guillermo Garcia Memorial-B 28th"]
[Site "Santa Clara"]
[Date "2019.04.27"]
[Round "5"]
[White "Lopez Raygoza, Luis Alberto"]
[Black "Ochoa de la Rosa, Manuel Dario"]
[Result "1/2-1/2"]
[WhiteElo "2249"]
[BlackElo "2417"]
[PlyCount "51"]
[EventDate "2019.04.23"]
[EventType "tourn"]
[EventRounds "9"]
[EventCountry "CUB"]
[EventCategory "6"]
[SourceTitle "CBM 190 Extra"]
[Source "ChessBase"]
[SourceDate "2019.07.15"]
[SourceVersion "1"]
[SourceVersionDate "2019.07.15"]
[SourceQuality "1"]

1. e4 e5 2. Nf3 Nc6 3. Bb5 a6 4. Ba4 Nf6 5. 0-0 Be7 6. Re1 b5 7. Bb3 d6 8. c3 0-0 9. h3 Nb8 10. d4 Nbd7 11. Nbd2 c5 12. a4 Bb7 13. d5 c4 14. Bc2 Nc5 15. Nf1 Nfd7 16. Be3 Qc7 17. Ng3 g6 18. Nh2 Qd8 19. Qg4 Nf6 20. Qf3 h5 21. Bxc5 dxc5 22. Qe3 Qd6 23. Nf3 Nh7 24. Ra2 Rab8 25. Rea1 Bc8 26. axb5 1/2-1/2

[Event "Guillermo Garcia Memorial-B 28th"]
[Site "Santa Clara"]
[Date "2019.04.26"]
[Round "4"]
[White "Ochoa de la Rosa, Manuel Dario"]
[Black "Otero Acosta, Diasmany"]
[Result "1/2-1/2"]
[WhiteElo "2417"]
[BlackElo "2410"]
[PlyCount "102"]
[EventDate "2019.04.23"]
[EventType "tourn"]
[EventRounds "9"]
[EventCountry "CUB"]
[EventCategory "6"]
[SourceTitle "CBM 190 Extra"]
[Source "ChessBase"]
[SourceDate "2019.07.15"]
[SourceVersion "1"]
[SourceVersionDate "2019.07.15"]
[SourceQuality "1"]

1. c4 e5 2. Nc3 Nc6 3. Nf3 Nf6 4. e4 Bb4 5. d3 d6 6. a3 Bxc3+ 7. bxc3 0-0 8. Be2 b6 9. 0-0 Ne8 10. d4 Qe7 11. Bg5 f6 12. dxe5 dxe5 13. Qd5+ Qe6 14. Be3 Qxd5 15. cxd5 Na5 16. Nd2 Nd6 17. f4 Re8 18. f5 Bb7 19. c4 Ba6 20. Rfc1 c6 21. Kf2 cxd5 22. cxd5 Bxe2 23. Kxe2 Rec8 24. Kd3 Kf7 25. g4 h6 26. h4 Rxc1 27. Rxc1 Rc8 28. Rxc8 Nxc8 29. Nc4 Nxc4 30. Kxc4 Nd6+ 31. Kd3 Ke7 32. a4 Kd7 33. a5 bxa5 34. Bxa7 Nb7 35. Be3 a4 36. Bc1 Nc5+ 37. Ke3 Nb3 38. Ba3 Nd4 39. Kd3 Nb5 40. Bf8 a3 41. Kc2 a2 42. Kb2 Nc3 43. Bxg7 Nxe4 44. Bxh6 Ke7 45. g5 Nd6 46. Bg7 fxg5 47. hxg5 Kf7 48. Bxe5 Nc4+ 49. Kxa2 Nxe5 50. d6 Ke8 51. g6 Ng4 1/2-1/2

[Event "Guillermo Garcia Memorial-C 27th"]
[Site "Santa Clara"]
[Date "2018.05.29"]
[Round "7"]
[White "Ochoa de la Rosa, Manuel Dario"]
[Black "Diaz Murgada, Rider"]
[Result "0-1"]
[WhiteElo "2437"]
[BlackElo "2435"]
[PlyCount "34"]
[EventDate "2018.05.22"]
[EventType "tourn"]
[EventRounds "9"]
[EventCountry "CUB"]
[EventCategory "3"]
[SourceTitle "CBM 184 Extra"]
[Source "ChessBase"]
[SourceDate "2018.06.28"]
[SourceVersion "1"]
[SourceVersionDate "2018.06.28"]
[SourceQuality "1"]

1. d4 d5 2. c4 c6 3. Nc3 e6 4. Nf3 dxc4 5. e3 b5 6. a4 Bb4 7. Bd2 a5 8. axb5 Bxc3 9. Bxc3 cxb5 10. b3 Bb7 11. bxc4 b4 12. Bb2 Nf6 13. Bd3 0-0 14. 0-0 Nbd7 15. Nd2 Qc7 16. f4 a4 17. Rxa4 Qc6 0-1

[Event "Guillermo Garcia Memorial-C 27th"]
[Site "Santa Clara"]
[Date "2018.05.28"]
[Round "6"]
[White "Quesada Vera, Liordis"]
[Black "Ochoa de la Rosa, Manuel Dario"]
[Result "0-1"]
[WhiteElo "2373"]
[BlackElo "2437"]
[PlyCount "152"]
[EventDate "2018.05.22"]
[EventType "tourn"]
[EventRounds "9"]
[EventCountry "CUB"]
[EventCategory "3"]
[SourceTitle "CBM 184 Extra"]
[Source "ChessBase"]
[SourceDate "2018.06.28"]
[SourceVersion "1"]
[SourceVersionDate "2018.06.28"]
[SourceQuality "1"]

1. d4 Nf6 2. Nf3 g6 3. g3 Bg7 4. Bg2 0-0 5. 0-0 d5 6. c4 c6 7. Qa4 Nfd7 8. Qb3 Nb6 9. c5 N6d7 10. Nc3 e5 11. Nxe5 Nxe5 12. dxe5 Na6 13. f4 Nxc5 14. Qa3 Na6 15. Be3 Re8 16. Rad1 Bf5 17. Qb3 Qe7 18. Bf2 Nc5 19. Qa3 Nd7 20. Qb3 Nc5 21. Qb4 Bf8 22. Rc1 Rec8 23. Rfd1 a5 24. Qd4 Ne6 25. Qd2 Rd8 26. Bb6 Rd7 27. e4 Bg4 28. exd5 Bxd1 29. Rxd1 Qb4 30. Be3 cxd5 31. a3 Qc4 32. Nxd5 Kh8 33. Qf2 Rad8 34. Rc1 Qb3 35. Nc3 b6 36. h4 Bc5 37. Bxc5 Nxc5 38. Rf1 Rd2 39. Qf3 Qxb2 40. Nb1 Qd4+ 41. Kh2 Ne4 42. f5 Qxe5 43. fxg6 hxg6 44. Nxd2 Rxd2 45. Re1 f5 46. Qe3 Qd6 47. Rc1 Kg7 48. Rc4 Rd3 49. Rc7+ Kf6 50. Qf4 Qxf4 51. gxf4 Rc3 52. Rh7 Rxa3 53. h5 Nf2 54. Bc6 Ng4+ 55. Kg1 Rc3 56. Be8 gxh5 57. Rf7+ Ke6 58. Rb7 Rc1+ 59. Kg2 Rc2+ 60. Kg3 Rb2 61. Kh4 Nf6 62. Bf7+ Kd6 63. Kg5 Ne4+ 64. Kxh5 a4 65. Ra7 b5 66. Kg6 Ng3 67. Kf6 Kc5 68. Be6 Rf2 69. Ke5 Re2+ 70. Kf6 Nh5+ 71. Kxf5 Nxf4 72. Bd7 Nd5 73. Ra5 Nc3 74. Ra6 Kb4 75. Kf4 a3 76. Kf3 a2 0-1

[Event "Guillermo Garcia Memorial-C 27th"]
[Site "Santa Clara"]
[Date "2018.05.24"]
[Round "3"]
[White "Lorenzana, Wilson Estuardo"]
[Black "Ochoa de la Rosa, Manuel Dario"]
[Result "1-0"]
[WhiteElo "2259"]
[BlackElo "2437"]
[PlyCount "85"]
[EventDate "2018.05.22"]
[EventType "tourn"]
[EventRounds "9"]
[EventCountry "CUB"]
[EventCategory "3"]
[SourceTitle "CBM 184 Extra"]
[Source "ChessBase"]
[SourceDate "2018.06.28"]
[SourceVersion "1"]
[SourceVersionDate "2018.06.28"]
[SourceQuality "1"]

1. e4 c5 2. Nf3 e6 3. d4 cxd4 4. Nxd4 a6 5. Nc3 Qc7 6. g3 Bb4 7. Nde2 Nf6 8. Bg2 Be7 9. 0-0 Nc6 10. h3 0-0 11. a4 Rb8 12. Bf4 d6 13. g4 b5 14. axb5 axb5 15. Ng3 b4 16. Nce2 Bb7 17. b3 Rfc8 18. g5 Nd7 19. Qd2 g6 20. Rfe1 e5 21. Be3 Nc5 22. f4 exf4 23. Nxf4 Ne5 24. Nd5 Bxd5 25. exd5 f5 26. Bd4 Ncd7 27. Ra2 Qd8 28. Be3 Nf7 29. h4 Nde5 30. Ne2 Ng4 31. Bd4 Nfe5 32. Nf4 Qd7 33. Ne6 Rb7 34. Rea1 Rcb8 35. Ra7 Qc8 36. R7a6 Kf7 37. Qe2 h6 38. h5 hxg5 39. hxg6+ Kxg6 40. Rf1 Rb5 41. Ra7 R8b7 42. Rxb7 Rxb7 43. Rxf5 1-0

[Event "Guillermo Garcia Memorial-C 27th"]
[Site "Santa Clara"]
[Date "2018.05.23"]
[Round "2"]
[White "Ochoa de la Rosa, Manuel Dario"]
[Black "Medina Diaz, Rafael Alejandro"]
[Result "1/2-1/2"]
[WhiteElo "2437"]
[BlackElo "2307"]
[PlyCount "83"]
[EventDate "2018.05.22"]
[EventType "tourn"]
[EventRounds "9"]
[EventCountry "CUB"]
[EventCategory "3"]
[SourceTitle "CBM 184 Extra"]
[Source "ChessBase"]
[SourceDate "2018.06.28"]
[SourceVersion "1"]
[SourceVersionDate "2018.06.28"]
[SourceQuality "1"]

1. Nf3 d5 2. g3 Nf6 3. Bg2 c6 4. d3 Bg4 5. Nbd2 Nbd7 6. h3 Bxf3 7. Bxf3 e6 8. 0-0 Bc5 9. e4 Qc7 10. Kg2 Ne5 11. Nb3 Bd6 12. exd5 Nxf3 13. Qxf3 cxd5 14. c4 dxc4 15. dxc4 Qxc4 16. Na5 Qd5 17. Nxb7 Be7 18. Bf4 Qxf3+ 19. Kxf3 Nd5 20. Nd6+ Bxd6 21. Bxd6 Kd7 22. Bc5 a5 23. b3 Rhb8 24. Rfd1 Ra6 25. Rac1 Rc8 26. Bd4 Rxc1 27. Rxc1 f6 28. Rc4 e5 29. Bb2 Nb4 30. a3 Nc6 31. Bc3 Rb6 32. b4 axb4 33. axb4 Rb5 34. Ke4 Kd6 35. Bd2 g6 36. g4 Nd4 37. Rc8 Nc6 38. Rh8 Rb7 39. Kf3 Ke6 40. Kg2 f5 41. Bc3 fxg4 42. hxg4 1/2-1/2

[Event "Capablanca Memorial op 53rd"]
[Site "Havana"]
[Date "2018.05.17"]
[Round "8"]
[White "Ochoa de la Rosa, Manuel Dario"]
[Black "Dieguez Alvarez, Mario Enrique"]
[Result "1/2-1/2"]
[WhiteElo "2437"]
[BlackElo "2320"]
[PlyCount "146"]
[EventDate "2018.05.09"]
[EventType "swiss"]
[EventRounds "10"]
[EventCountry "CUB"]
[SourceTitle "EXT 2021"]
[Source "ChessBase"]
[SourceDate "2020.10.23"]
[SourceVersion "1"]
[SourceVersionDate "2020.10.23"]
[SourceQuality "1"]

1. e4 e5 2. Nf3 Nc6 3. Bc4 Bc5 4. 0-0 Nf6 5. d3 a6 6. c3 Ba7 7. a4 d6 8. Re1 h6 9. Nbd2 Ne7 10. Nf1 Ng6 11. h3 0-0 12. Ng3 c6 13. d4 Re8 14. Bd3 Qc7 15. Be3 b5 16. Qd2 Kh7 17. c4 exd4 18. Bxd4 Bxd4 19. Nxd4 c5 20. Nde2 b4 21. Nf4 Nxf4 22. e5+ Nxd3 23. Qxd3+ g6 24. exf6 Re6 25. Rxe6 Bxe6 26. Ne4 Rd8 27. Qg3 Bf5 28. Re1 Qb8 29. Qh4 Bxe4 30. Qxe4 Rd7 31. Re3 d5 32. cxd5 Qd6 33. Qe7 Qxd5 34. Re1 Rd8 35. Re5 Qd7 36. Qxc5 Qd1+ 37. Kh2 Qd6 38. Qxd6 Rxd6 39. Re4 b3 40. Rb4 Rxf6 41. Kg3 Rd6 42. Rxb3 Rd4 43. Rb7 Rxa4 44. Rxf7+ Kg8 45. Rb7 a5 46. f4 Re4 47. Kg4 Rc4 48. Kf3 h5 49. g4 hxg4+ 50. hxg4 Rc2 51. Ke4 Re2+ 52. Kd5 Rg2 53. g5 Re2 54. Rb5 Kf7 55. Rb7+ Kg8 56. Kd4 Kf8 57. Kd3 Rf2 58. Ke3 Rc2 59. Rb5 Kf7 60. b3 Rc3+ 61. Kd4 Rf3 62. Ke4 Rc3 63. Rb7+ Kf8 64. Ke5 Rc5+ 65. Kd4 Rf5 66. Ke4 Kg8 67. Rd7 Rb5 68. Rd5 Rxb3 69. Rxa5 Rb7 70. Ra6 Kg7 71. Ke5 Rb5+ 72. Ke6 Rf5 73. Ra4 Kg8 1/2-1/2

[Event "Capablanca Memorial op 53rd"]
[Site "Havana"]
[Date "2018.05.10"]
[Round "2"]
[White "Ochoa de la Rosa, Manuel Dario"]
[Black "Garcia Martinez, Omar"]
[Result "1-0"]
[WhiteElo "2437"]
[BlackElo "2307"]
[PlyCount "48"]
[EventDate "2018.05.09"]
[EventType "swiss"]
[EventRounds "10"]
[EventCountry "CUB"]
[SourceTitle "EXT 2019"]
[Source "ChessBase"]
[SourceDate "2018.10.10"]
[SourceVersion "1"]
[SourceVersionDate "2018.10.10"]
[SourceQuality "1"]

1. d4 Nf6 2. c4 e6 3. Nf3 d5 4. e3 Be7 5. Bd3 0-0 6. 0-0 b6 7. b3 Bb7 8. Bb2 c5 9. Nc3 Nbd7 10. cxd5 exd5 11. Qc2 Rc8 12. Rad1 cxd4 13. Nxd4 Ne4 14. Bxe4 dxe4 15. Qb1 Ba6 16. Qxe4 Nf6 17. Qf3 Bxf1 18. Nf5 Bd3 19. e4 Nd7 20. Nd5 Bg5 21. Qxd3 Re8 22. Bxg7 Nc5 23. Qf3 Rxe4 24. h4 Bf4 1-0

[Event "CUB-ch 55th"]
[Site "Havana"]
[Date "2018.02.03"]
[Round "2"]
[White "Ochoa de la Rosa, Manuel Dario"]
[Black "Espinosa Veloz, Ermes"]
[Result "0-1"]
[WhiteElo "2423"]
[BlackElo "2520"]
[PlyCount "76"]
[EventDate "2018.02.02"]
[EventType "tourn"]
[EventRounds "9"]
[EventCountry "CUB"]
[EventCategory "11"]
[SourceTitle "CBM 183"]
[Source "ChessBase"]
[SourceDate "2018.03.14"]
[SourceVersion "1"]
[SourceVersionDate "2018.03.14"]
[SourceQuality "1"]

1. d4 Nf6 2. Nf3 g6 3. Bg5 Bg7 4. Nbd2 0-0 5. e3 d6 6. Bc4 Nbd7 7. 0-0 h6 8. Bh4 e5 9. a4 a5 10. c3 Qe7 11. h3 Nb6 12. Bb5 e4 13. Ne1 g5 14. Bg3 Bf5 15. b4 axb4 16. cxb4 c6 17. Be2 Nfd5 18. Bc4 Nc3 19. Qb3 Nbxa4 20. Nb1 Nxb1 21. Rxb1 b5 22. Be2 Be6 23. Qc2 Bd5 24. Qd2 Nb6 25. Nc2 Nc4 26. Qc3 f5 27. Ra1 Rxa1 28. Rxa1 f4 29. Bh2 Qf7 30. Qe1 Nb2 31. Qd2 Bc4 32. Ra6 f3 33. Bxc4 Nxc4 34. Qe1 fxg2 35. Rxc6 Qd7 36. Ra6 Qxh3 37. Qe2 Ne5 38. Ne1 Ng4 0-1

[Event "Adelquis Remon Memorial-A"]
[Site "Holguin"]
[Date "2017.11.06"]
[Round "8.3"]
[White "Ochoa de la Rosa, Manuel Dario"]
[Black "De la Fe Almeida, Enmanuel Jesus"]
[Result "1-0"]
[WhiteElo "2332"]
[BlackElo "2307"]
[PlyCount "86"]
[EventDate "2017.11.02"]
[EventType "tourn"]
[EventRounds "10"]
[EventCountry "CUB"]
[EventCategory "6"]
[SourceTitle "EXT 2023"]
[Source "ChessBase"]
[SourceDate "2022.10.05"]
[SourceVersion "1"]
[SourceVersionDate "2022.10.05"]
[SourceQuality "1"]

1. Nf3 Nf6 2. g3 g6 3. b3 Bg7 4. Bb2 0-0 5. Bg2 d6 6. d4 Nbd7 7. 0-0 c6 8. a4 Qc7 9. Na3 Rb8 10. Nc4 b6 11. Ncd2 c5 12. c4 e5 13. e3 Bb7 14. d5 a5 15. e4 Rbe8 16. Ne1 Qd8 17. Nd3 Bc8 18. Qe2 Nh5 19. Rae1 Kh8 20. Qd1 Qe7 21. f4 exf4 22. Bxg7+ Nxg7 23. gxf4 g5 24. e5 gxf4 25. exd6 Qxd6 26. Ne4 Qh6 27. Rxf4 Ne5 28. Rf6 Qh4 29. Rf4 Qh6 30. Nef2 Ng6 31. Rfe4 Rd8 32. Ne5 Nh4 33. Nf3 Nxg2 34. Kxg2 Nf5 35. Ng4 Rg8 36. Qa1+ Nd4 37. Nxd4 cxd4 38. Qxd4+ f6 39. Kh1 Qg7 40. Re7 Bxg4 41. Rxg7 Rxg7 42. Qxf6 Rdg8 43. Kg1 h5 1-0

[Event "Adelquis Remon Memorial-A"]
[Site "Holguin"]
[Date "2017.11.06"]
[Round "9.1"]
[White "Ochoa de la Rosa, Manuel Dario"]
[Black "Fernandez de La Vara, Arnaldo"]
[Result "1-0"]
[WhiteElo "2332"]
[BlackElo "2438"]
[PlyCount "117"]
[EventDate "2017.11.02"]
[EventType "tourn"]
[EventRounds "10"]
[EventCountry "CUB"]
[EventCategory "6"]
[SourceTitle "EXT 2023"]
[Source "ChessBase"]
[SourceDate "2022.10.05"]
[SourceVersion "1"]
[SourceVersionDate "2022.10.05"]
[SourceQuality "1"]

1. d4 Nf6 2. Nf3 e6 3. c4 b6 4. e3 Bb7 5. Bd3 d5 6. 0-0 Nbd7 7. b3 Be7 8. Bb2 0-0 9. Nc3 dxc4 10. bxc4 c5 11. d5 exd5 12. cxd5 Nxd5 13. Nxd5 Bxd5 14. Bxh7+ Kxh7 15. Qxd5 Bf6 16. Qf5+ Kg8 17. Ng5 Bxg5 18. Rad1 Bh6 19. Rxd7 Qg5 20. Qf3 Qg6 21. Qd5 Rfe8 22. Rd1 Rac8 23. Rxa7 c4 24. Bc3 Qc2 25. Bxg7 Qxd1+ 26. Qxd1 Bxg7 27. Qd7 Rf8 28. h4 c3 29. Rc7 Rxc7 30. Qxc7 Re8 31. h5 Be5 32. Qc4 Re7 33. Qc8+ Kh7 34. Qf5+ Kg8 35. h6 Bh8 36. h7+ Kf8 37. Kf1 Rc7 38. Qg5 Rc5 39. Qd8+ Kg7 40. Qxb6 Rh5 41. Ke2 Kxh7 42. Qb1+ Kg8 43. Qb8+ Kh7 44. Qc7 Kg8 45. Qd8+ Kh7 46. Qc7 Kg8 47. e4 Rb5 48. Kd3 Rb2 49. e5 Rxf2 50. Qd8+ Kg7 51. Qg5+ Kf8 52. Qh4 c2 53. Qxh8+ Ke7 54. Qf6+ Kf8 55. Qd8+ Kg7 56. Qc8 Rxg2 57. a4 f5 58. a5 f4 59. Qxc2 1-0

[Event "Adelquis Remon Memorial-A"]
[Site "Holguin"]
[Date "2017.11.03"]
[Round "3.3"]
[White "De la Fe Almeida, Enmanuel Jesus"]
[Black "Ochoa de la Rosa, Manuel Dario"]
[Result "1-0"]
[WhiteElo "2307"]
[BlackElo "2332"]
[PlyCount "53"]
[EventDate "2017.11.02"]
[EventType "tourn"]
[EventRounds "10"]
[EventCountry "CUB"]
[EventCategory "6"]
[SourceTitle "EXT 2023"]
[Source "ChessBase"]
[SourceDate "2022.10.05"]
[SourceVersion "1"]
[SourceVersionDate "2022.10.05"]
[SourceQuality "1"]

1. Nf3 d5 2. g3 e6 3. Bg2 c5 4. 0-0 Nc6 5. d3 g6 6. Nbd2 Bg7 7. e4 Nge7 8. Re1 0-0 9. e5 f6 10. exf6 Bxf6 11. c3 b5 12. Nb3 c4 13. Nbd4 e5 14. Nxc6 Nxc6 15. a4 bxa4 16. dxc4 e4 17. Nd2 Ne5 18. cxd5 Bg4 19. Qxa4 Nd3 20. Rf1 Be2 21. Nxe4 Bxf1 22. Bxf1 Qxd5 23. Bh6 Bg7 24. Bxd3 Qxd3 25. Qb3+ Kh8 26. Bxg7+ Kxg7 27. Nc5 1-0

[Event "Bayamo Cespedes Memorial-B"]
[Site "Bayamo"]
[Date "2017.03.06"]
[Round "8.3"]
[White "Duarte Napoles, Fanny"]
[Black "Ochoa de la Rosa, Manuel Dario"]
[Result "1/2-1/2"]
[WhiteElo "2346"]
[BlackElo "2317"]
[PlyCount "66"]
[EventDate "2017.03.01"]
[EventType "tourn"]
[EventRounds "10"]
[EventCountry "CUB"]
[EventCategory "4"]
[SourceTitle "EXT 2023"]
[Source "ChessBase"]
[SourceDate "2022.10.05"]
[SourceVersion "1"]
[SourceVersionDate "2022.10.05"]
[SourceQuality "1"]

1. d4 Nf6 2. c4 g6 3. g3 Bg7 4. Bg2 d5 5. cxd5 Nxd5 6. Nf3 0-0 7. 0-0 Nb6 8. Nc3 Nc6 9. d5 Na5 10. e4 c6 11. Nd2 cxd5 12. exd5 Bf5 13. Nde4 Rc8 14. Qe2 Nbc4 15. g4 Bxe4 16. Nxe4 Qb6 17. Rb1 Nd6 18. Nxd6 exd6 19. Be3 Bd4 20. Bxd4 Qxd4 21. b3 Rfe8 22. Qb5 Qc5 23. Qa4 b6 24. Qf4 Qc2 25. Qxd6 Qxa2 26. Qb4 Re2 27. Rbc1 Rcc2 28. Rxc2 Qxc2 29. Bf3 Re8 30. Qb5 Rd8 31. b4 Qc4 32. Qxc4 Nxc4 33. Rd1 g5 1/2-1/2